| 000 | 00679nam a2200229 u 4500 | ||
|---|---|---|---|
| 005 | 20230902063625.0 | ||
| 008 | 140205s1996 mx r 000 0 spa d | ||
| 020 | _a9686830510 | ||
| 035 | _aUPN01000195506 | ||
| 049 | _aCG | ||
| 050 | 4 |
_aPQ2674 O3.4 _bC3.7 |
|
| 100 | 1 |
_aNoël, Bernard, _d1930-1999 _934894 |
|
| 245 | 1 | 3 |
_aLa castración mental / _cBernard Noël ; tr. Conrado Tostado. |
| 260 |
_aMéxico : _bAldus, _c1996. |
||
| 300 | _a111 p. | ||
| 440 | 3 | _aLa edad del hombre | |
| 534 |
_pTítulo original: _tLa castration mentale |
||
| 650 | 0 |
_aLiteratura francesa _95152 |
|
| 651 | 7 |
_aEuropa _xCondiciones sociales _2 _922809 |
|
| 905 | _aLibro | ||
| 999 |
_c167607 _d167607 |
||